Chile y América Latina en el escenario internacional

Wedi'i Gadw mewn:
Manylion Llyfryddiaeth
Prif Awdur: Leiva Lavalle, Patricio (Awdur)
Fformat: Llyfr
Iaith:Sbaeneg
Cyhoeddwyd: Santiago Universidad Miguel de Cervantes 2013
Rhifyn:1a. ed
Pynciau:
Tagiau: Ychwanegu Tag
Dim Tagiau, Byddwch y cyntaf i dagio'r cofnod hwn!

MARC

LEADER 00000cam a2200000 a 4500
001 UCE0151
003 CL-VaPUC
008 140103e20130000cl |||||||||||||||||spa|d
020 |a 9789563060898 
082 0 4 |a 337.83098  |b LEI  |2 21 
100 |a Leiva Lavalle, Patricio  |e author  |9 590703 
245 1 0 |a Chile y América Latina en el escenario internacional 
250 |a 1a. ed 
300 |a 347 p 
942 |c BK 
945 |d 20140103 12:15:00  |a dcastane 
260 |a Santiago  |b Universidad Miguel de Cervantes  |c 2013 
650 0 |a Integración económica  |9 255024 
650 0 |a Desarrollo económico y social   |9 256320 
651 7 |a CHILE  |2 CL-VaPUC  |9 572571 
651 0 |a América Latina   |9 255027 
583 |a last modification  |c 20140103 12:15:00  |k Rodrigo Vera 
999 |c 354426  |d 354424 
952 |0 0  |1 0  |3 erb  |4 0  |6 337_830980000000000_LEI_2013  |7 0  |8 A  |9 460293  |a BIBHIS  |b BIBHIS  |i 5042321  |o 337.83098 LEI 2013  |p 5042321  |r 2025-01-20  |w 2019-11-23  |y BK  |z Catalogado en:20140103  |k HIS